<?xml version="1.0" encoding="UTF-8"?>
<record
    xmlns:xsi="http://www.w3.org/2001/XMLSchema-instance"
    xsi:schemaLocation="http://www.loc.gov/MARC21/slim http://www.loc.gov/standards/marcxml/schema/MARC21slim.xsd"
    xmlns="http://www.loc.gov/MARC21/slim">

  <leader>03256nam a22003497a 4500</leader>
  <controlfield tag="003">OSt</controlfield>
  <controlfield tag="005">20240902112547.0</controlfield>
  <controlfield tag="007">cr ||||||a|c|a</controlfield>
  <controlfield tag="008">240829s2023    mx ad||fom||| 001 0 spa d</controlfield>
  <datafield tag="040" ind1=" " ind2=" ">
    <subfield code="e">rda</subfield>
  </datafield>
  <datafield tag="100" ind1="1" ind2=" ">
    <subfield code="a">Mart&#xED;nez Mar&#xED;n, Juan</subfield>
    <subfield code="9">189505</subfield>
  </datafield>
  <datafield tag="245" ind1="1" ind2="0">
    <subfield code="a">Control qu&#xED;mico del ps&#xED;lido asi&#xE1;tico de los citr&#xED;cos ( Diaphorinacitri ) en lim&#xF3;n persa ( Citrus latifolia ) cultivado en campo abierto, Acateno, Puebla /</subfield>
    <subfield code="c">por Juan Mart&#xED;nez Marin y L&#xED;ctor Fabian Mart&#xED;nez Ter&#xE1;n; presidente Jaime Alfredo Urzua Soria; secretario Luis Emilio Castillo M&#xE1;rquez; vocal Artemio Rosas Meza; suplente Andr&#xE9;s Bola&#xF1;os Espinoza; suplente Raciel Hern&#xE1;ndez Hern&#xE1;ndez</subfield>
  </datafield>
  <datafield tag="264" ind1=" " ind2="1">
    <subfield code="a">Chapingo, M&#xE9;xico :</subfield>
    <subfield code="b">El autor,</subfield>
    <subfield code="c">2023.</subfield>
  </datafield>
  <datafield tag="300" ind1=" " ind2=" ">
    <subfield code="a">1 recurso en l&#xED;nea (63 p&#xE1;ginas):</subfield>
    <subfield code="b">Ilustraciones, cuadros, gr&#xE1;ficas</subfield>
  </datafield>
  <datafield tag="336" ind1=" " ind2=" ">
    <subfield code="2">rdacontent</subfield>
    <subfield code="a">texto</subfield>
    <subfield code="b">txt</subfield>
  </datafield>
  <datafield tag="337" ind1=" " ind2=" ">
    <subfield code="2">rdamedia</subfield>
    <subfield code="a">computadora</subfield>
    <subfield code="b">c</subfield>
  </datafield>
  <datafield tag="338" ind1=" " ind2=" ">
    <subfield code="2">rdacarrier</subfield>
    <subfield code="a">recurso en l&#xED;nea</subfield>
    <subfield code="b">cr</subfield>
  </datafield>
  <datafield tag="502" ind1=" " ind2=" ">
    <subfield code="b">IAEPA</subfield>
    <subfield code="c">Parasitolog&#xED;a</subfield>
    <subfield code="d">2023</subfield>
    <subfield code="g">LIC</subfield>
  </datafield>
  <datafield tag="504" ind1=" " ind2=" ">
    <subfield code="a">Incluye referencias bibliogr&#xE1;ficas: p&#xE1;ginas 34-42</subfield>
  </datafield>
  <datafield tag="520" ind1=" " ind2=" ">
    <subfield code="a">Diaphorina citri Kuwayama es un ps&#xED;lido pol&#xED;fago, que se alimenta y se reproduce en m&#xE1;s de 20 g&#xE9;neros de plantas, ocasionando da&#xF1;os severos en la cantidad y calidad de las cosechas, as&#xED; como en la mortalidad de &#xE1;rboles de c&#xED;tricos. El presente estudio se realiz&#xF3; en el municipio de Acateno, Puebla, con el objetivo de evaluar la efectividad biol&#xF3;gica de seis insecticidas para el control del Ps&#xED;lido asi&#xE1;tico de los c&#xED;tricos (Diaphorina citri Kuwayama) en el cultivo de lim&#xF3;n persa (Citrus latifolia T.) implantado sobre patr&#xF3;n volkameriano. Se implement&#xF3; un dise&#xF1;o de bloques completos al azar, con cuatro repeticiones y siete tratamientos; se evaluaron los siguientes: Engeo (Thiametoxam + Lambda Cyalotrina) con dosis de 500 mL ha-1, Benevia (Ciantraniliprol) con dosis de 200 mL ha-1, Agrimec (Abamectina) con dosis de 500 mL ha-1, Rogor (Dimetoato) con dosis de 200 mL ha-1, Ovicida + Control (Extracto de Quassia amara) con dosis de 1.0 L ha-1, Escolta (Spinosad) con dosis de 200 mL ha-1y un testigo absoluto. Se midieron en seis momentos, el n&#xFA;mero de ninfas, el n&#xFA;mero de adultos y el porcentaje de eficacia de los productos, el cual se calcul&#xF3; con la f&#xF3;rmula de Abbott. Los resultados mostraron diferencias significativas con respecto al control de D. citri observ&#xE1;ndose un mejor control con los ratamientos Ovicida + Control con dosis de 1.0 L ha-1 (eficacia de 89.85%) y Engeo a dosis de 500 mL ha-1 (eficacia de 76.5%).
</subfield>
  </datafield>
  <datafield tag="650" ind1=" " ind2="4">
    <subfield code="a">Insecticidas biol&#xF3;gicos</subfield>
    <subfield code="x">Aplicaci&#xF3;n</subfield>
    <subfield code="9">137077</subfield>
  </datafield>
  <datafield tag="650" ind1=" " ind2="4">
    <subfield code="a">Insecticidas</subfield>
    <subfield code="x">Efecto en lim&#xF3;n</subfield>
    <subfield code="9">58867</subfield>
  </datafield>
  <datafield tag="650" ind1=" " ind2="4">
    <subfield code="a">Quassia amara como insecticida</subfield>
    <subfield code="9">189508</subfield>
  </datafield>
  <datafield tag="700" ind1="1" ind2=" ">
    <subfield code="a">Mart&#xED;nez Ter&#xE1;n, Lictor Fabi&#xE1;n</subfield>
    <subfield code="9">189506</subfield>
  </datafield>
  <datafield tag="700" ind1="1" ind2=" ">
    <subfield code="a">Urzua Soria, Jaime Alfredo</subfield>
    <subfield code="9">188351</subfield>
    <subfield code="4">presidente</subfield>
  </datafield>
  <datafield tag="700" ind1="1" ind2=" ">
    <subfield code="a">Castillo M&#xE1;rquez, Luis Emilio</subfield>
    <subfield code="9">20176</subfield>
    <subfield code="e">secretario</subfield>
  </datafield>
  <datafield tag="700" ind1="1" ind2=" ">
    <subfield code="a">Rosas Meza, Artemio</subfield>
    <subfield code="9">100031</subfield>
    <subfield code="e">vocal</subfield>
  </datafield>
  <datafield tag="700" ind1="0" ind2=" ">
    <subfield code="a">Bola&#xF1;os Espinoza, Andr&#xE9;s</subfield>
    <subfield code="9">13468</subfield>
    <subfield code="e">suplente</subfield>
  </datafield>
  <datafield tag="700" ind1="1" ind2=" ">
    <subfield code="a">Hern&#xE1;ndez Hern&#xE1;ndez, Raciel</subfield>
    <subfield code="9">54159</subfield>
    <subfield code="e">suplente</subfield>
  </datafield>
  <datafield tag="856" ind1=" " ind2=" ">
    <subfield code="u">http://10.13.5.2/tesis/tl/1611517-1_Y_1811540-1_MARTINEZ_TERAN_LICTORFABIAN_Y_MARTINEZ_MARIN_JUAN.pdf</subfield>
    <subfield code="z">DESCARGAR PDF</subfield>
  </datafield>
  <datafield tag="942" ind1=" " ind2=" ">
    <subfield code="2">Clasificaci&#xF3;n Universidad Aut&#xF3;noma Chapingo</subfield>
    <subfield code="c">TD</subfield>
  </datafield>
  <datafield tag="999" ind1=" " ind2=" ">
    <subfield code="c">220125</subfield>
    <subfield code="d">220125</subfield>
  </datafield>
  <datafield tag="952" ind1=" " ind2=" ">
    <subfield code="0">0</subfield>
    <subfield code="1">0</subfield>
    <subfield code="2">local</subfield>
    <subfield code="4">0</subfield>
    <subfield code="5">1</subfield>
    <subfield code="7">0</subfield>
    <subfield code="8">TesDigL</subfield>
    <subfield code="a">BD</subfield>
    <subfield code="b">BD</subfield>
    <subfield code="c">E_L</subfield>
    <subfield code="d">2024-08-29</subfield>
    <subfield code="l">0</subfield>
    <subfield code="o">Tesis digital</subfield>
    <subfield code="r">2024-08-29 15:12:55</subfield>
    <subfield code="w">2024-08-29</subfield>
    <subfield code="y">TD</subfield>
  </datafield>
</record>
